| 000 | 01042nam a2200265Ia 4500 | ||
|---|---|---|---|
| 003 | OSt | ||
| 005 | 20221005110410.0 | ||
| 006 | a|||||r|||| 00| 0 | ||
| 007 | ta | ||
| 008 | 221004b |||||||| |||| 00| 0 hin d | ||
| 020 |
_a9788170164388 (hbk) _cIndian Rupees 1500 |
||
| 024 | _a44141 | ||
| 037 |
_bGift, 06/06/2019, _cTextual |
||
| 040 |
_aCRL _cCRL _bhin |
||
| 041 |
_2hin _ahin |
||
| 082 | _aY73(P15):1, 152N9;Q6.1-.2 | ||
| 100 | _aशर्मा, रामविलास, ले. | ||
| 245 | 0 | _aभारतीय संस्कृति और हिन्दी प्रदेश | |
| 246 | _aBhāratīya sanskṛuti aur hindī pradesha | ||
| 260 |
_aनई दिल्ली _bकिताबघर प्रकाशन भारत _c2016 |
||
| 490 | _vभाग 1 | ||
| 650 | _aभारतीय-लोक संस्कृति | ||
| 942 |
_hY73(P15):1, 152N9;Q6.1-.2 _cTEXL _2cc |
||
| 999 |
_c1018691 _d1018691 |
||